Thor: The Dark World (2013): Characters by Picture - Statistics

General Stats
  • This quiz has been taken 35 times
    34 since last reset
  • The average score is 14 of 21
Answer Stats
Picture Answer % Correct
Heimdall
100%
Jane Foster
100%
Loki
100%
Odin
100%
Stan Lee
100%
Thor
100%
Collector
89%
Frigga
89%
Erik Selvig
82%
Darcy Lewis
79%
Lady Sif
79%
Malekith
71%
Hogun
57%
Volstagg
54%
Fandral
50%
Kurse
32%
Carina
29%
Bor
18%
Ian Boothby
18%
Tyr
11%
Eir
7%
No matching quizzes found
Score Distribution
Percent of People with Each Score
Percentile by Number Answered
Your Score History
You have not taken this quiz since the last reset